[Event "Montreal Mercredi 03"]
[Site "Montreal CAN"]
[Date "2017.04.12"]
[Round "3"]
[White "O'Neill, Brendon"]
[Black "Lessard, Sylvain"]
[Result "1-0"]
[WhiteElo "1752"]
[BlackElo "1722"]
[WhiteFideId "-1"]
[WhiteFideId "-1"]
[PlyCount "51"]
[GameId "2160767908477970"]
[EventDate "2017.03.29"]
[EventType "swiss"]
[EventRounds "5"]
[EventCountry "CAN"]
[SourceTitle "EXT 2022"]
[Source "ChessBase"]
[SourceDate "2021.10.06"]
[SourceVersion "1"]
[SourceVersionDate "2021.10.06"]
[SourceQuality "1"]

1. e4 Nf6 2. e5 Nd5 3. d4 d6 4. c4 Nb6 5. exd6 exd6 6. Bd3 Nc6 7. Be3 Be7 8. a3 Bf6 9. Be2 O-O 10. Nc3 Bf5 11. Nf3 d5 12. c5 Nc4 13. Bc1 Re8 14. b3 N4a5 15. O-O Nxd4 16. Nxd4 Bxd4 17. Qxd4 Nxb3 18. Qf4 Qd7 19. Ra2 d4 20. Nb5 d3 21. Bf3 Qxb5 22. Qxf5 Qc4 23. Bd5 Qxc1 24. Bxf7+ Kh8 25. Bxe8 d2 26. Qf8# 1-0

[Event "Montreal Mercredi 03"]
[Site "Montreal CAN"]
[Date "2017.04.12"]
[Round "3"]
[White "Saha, Ananda"]
[Black "Jacquet, Stephane"]
[Result "1-0"]
[WhiteElo "2098"]
[BlackElo "2065"]
[WhiteFideId "-1"]
[WhiteFideId "-1"]
[PlyCount "123"]
[GameId "2160767908477972"]
[EventDate "2017.03.29"]
[EventType "swiss"]
[EventRounds "5"]
[EventCountry "CAN"]
[SourceTitle "EXT 2022"]
[Source "ChessBase"]
[SourceDate "2021.10.06"]
[SourceVersion "1"]
[SourceVersionDate "2021.10.06"]
[SourceQuality "1"]

1. d4 d5 2. Nf3 Nf6 3. c4 dxc4 4. e3 e6 5. Bxc4 c5 6. O-O a6 7. a4 Nc6 8. Nc3 Be7 9. d5 exd5 10. Nxd5 Nxd5 11. Bxd5 Nb4 12. e4 O-O 13. Bf4 Bf6 14. Qb3 Bg4 15. Rad1 Qb6 16. a5 Qxa5 17. Bd6 Nxd5 18. Bxf8 Nf4 19. Bd6 c4 20. Qxb7 Ne2+ 21. Kh1 Re8 22. e5 c3 23. bxc3 Nxc3 24. Bb4 Bxf3 25. Bxa5 Bxb7 26. Bxc3 Bh4 27. Rd4 Rc8 28. Rxh4 Rxc3 29. Rb4 Bc8 30. h3 h5 31. Ra1 g6 32. Kh2 Kf8 33. Ra5 Ke7 34. Rb6 Kd7 35. Rf6 Ke7 36. f3 Rc4 37. Kg3 Rc2 38. h4 Rc4 39. Rf4 Rc2 40. Rb4 Ke6 41. Rb6+ Ke7 42. Rd6 Rc4 43. Rad5 Rc2 44. Rd4 Rc5 45. Kf4 Rc2 46. g3 Rc3 47. Rd3 Rc5 48. R6d5 Rc4+ 49. Kg5 Rc6 50. g4 hxg4 51. fxg4 Be6 52. Rd6 Rc4 53. R3d4 Rc5 54. Rxa6 Rxe5+ 55. Kh6 Re1 56. g5 Rf1 57. Ra7+ Ke8 58. Kg7 Rf2 59. Rb4 Rd2 60. Rb8+ Rd8 61. Rxd8+ Kxd8 62. Rxf7 1-0

[Event "Montreal Mercredi 03"]
[Site "Montreal CAN"]
[Date "2017.04.12"]
[Round "3"]
[White "Soudre, Nicolas"]
[Black "Johnson-Constantin, Mathieu"]
[Result "1-0"]
[WhiteElo "2148"]
[BlackElo "2057"]
[WhiteFideId "-1"]
[WhiteFideId "-1"]
[PlyCount "81"]
[GameId "2160767908477973"]
[EventDate "2017.03.29"]
[EventType "swiss"]
[EventRounds "5"]
[EventCountry "CAN"]
[SourceTitle "EXT 2022"]
[Source "ChessBase"]
[SourceDate "2021.10.06"]
[SourceVersion "1"]
[SourceVersionDate "2021.10.06"]
[SourceQuality "1"]

1. e4 e6 2. d4 d5 3. Nc3 Bb4 4. e5 c5 5. a3 Bxc3+ 6. bxc3 Qa5 7. Bd2 Qa4 8. Bd3 Nc6 9. Nf3 Nge7 10. O-O Bd7 11. Qb1 Na5 12. dxc5 Nec6 13. Be3 a6 14. Bd4 O-O 15. Qc1 Nc4 16. Qf4 h6 17. Rfb1 Rab8 18. h4 b6 19. cxb6 Nxb6 20. g4 Nc4 21. h5 Rxb1+ 22. Rxb1 Qxa3 23. g5 hxg5 24. Qxg5 Qe7 25. Qxe7 Nxe7 26. Rb7 Rd8 27. Bxc4 dxc4 28. Bb6 Bc6 29. Rxe7 Rb8 30. Ba7 Rb5 31. Nd4 Rb1+ 32. Kh2 Rh1+ 33. Kg3 Bd5 34. Re8+ Kh7 35. Rf8 Rxh5 36. Rxf7 Rg5+ 37. Kf4 Rg2 38. Ke3 Kg6 39. Re7 Rg4 40. f3 Rg1 41. Nxe6 1-0

[Event "Montreal Mercredi 03"]
[Site "Montreal CAN"]
[Date "2017.04.12"]
[Round "3"]
[White "Zheng, Richard"]
[Black "Cardin, Guillaume"]
[Result "1/2-1/2"]
[WhiteElo "1870"]
[BlackElo "2040"]
[WhiteFideId "-1"]
[WhiteFideId "-1"]
[PlyCount "80"]
[GameId "2160767908477974"]
[EventDate "2017.03.29"]
[EventType "swiss"]
[EventRounds "5"]
[EventCountry "CAN"]
[SourceTitle "EXT 2022"]
[Source "ChessBase"]
[SourceDate "2021.10.06"]
[SourceVersion "1"]
[SourceVersionDate "2021.10.06"]
[SourceQuality "1"]

1. e4 e5 2. Nf3 Nc6 3. Bc4 Bc5 4. d3 Nf6 5. Bg5 h6 6. Bh4 g5 7. Bg3 d6 8. c3 Be6 9. Bxe6 fxe6 10. O-O Qd7 11. Qd2 O-O-O 12. b4 Bb6 13. a4 a5 14. Na3 Nh5 15. Nc4 Nxg3 16. Nxb6+ cxb6 17. fxg3 Rdg8 18. b5 Ne7 19. Qe3 Qd8 20. Nd2 Kb8 21. Nc4 Nc8 22. Rad1 h5 23. h3 h4 24. g4 Rf8 25. Rxf8 Rxf8 26. Rf1 Rf4 27. Rxf4 exf4 28. Qd4 d5 29. exd5 Qxd5 30. Qxd5 exd5 31. Ne5 Nd6 32. Kf2 Kc7 33. Ke2 Kd8 34. c4 dxc4 35. Nxc4 Nxc4 36. dxc4 Ke8 37. Kd2 Kd8 38. Kc3 Kc7 39. Kd4 Kd6 40. Ke4 Ke6 1/2-1/2

[Event "Montreal Mercredi 03"]
[Site "Montreal CAN"]
[Date "2017.04.20"]
[Round "3"]
[White "Jacquet, Stephane"]
[Black "Moisan-Plante, Marc-Olivier"]
[Result "1-0"]
[WhiteElo "2065"]
[BlackElo "2106"]
[WhiteFideId "-1"]
[WhiteFideId "-1"]
[PlyCount "71"]
[GameId "2160767908477975"]
[EventDate "2017.03.29"]
[EventType "swiss"]
[EventRounds "5"]
[EventCountry "CAN"]
[SourceTitle "EXT 2022"]
[Source "ChessBase"]
[SourceDate "2021.10.06"]
[SourceVersion "1"]
[SourceVersionDate "2021.10.06"]
[SourceQuality "1"]

1. d4 g6 2. c4 Bg7 3. e4 Nc6 4. Nf3 d6 5. Nc3 Bg4 6. Be3 Bxf3 7. gxf3 e5 8. d5 Nd4 9. Nb5 c6 10. Nxd4 exd4 11. Bxd4 Qa5+ 12. Ke2 Nf6 13. Qe1 Qd8 14. Bh3 O-O 15. Qd2 Re8 16. Kd1 c5 17. Bc3 a6 18. Re1 b5 19. b3 bxc4 20. bxc4 Rb8 21. Kc2 Rb4 22. Bxb4 cxb4 23. Qxb4 Nh5 24. Rab1 Qh4 25. Bg4 Qxf2+ 26. Qd2 Qc5 27. Bxh5 Qxc4+ 28. Kd1 Bc3 29. Rc1 Qa4+ 30. Qc2 Qd4+ 31. Ke2 Bxe1 32. Rxe1 f5 33. Kf1 gxh5 34. Qf2 Qxf2+ 35. Kxf2 Rb8 36. Ke3 1-0

[Event "Montreal Mercredi 03"]
[Site "Montreal CAN"]
[Date "2017.04.24"]
[Round "3"]
[White "Tremblay, Alain"]
[Black "Huang, Qiuyu"]
[Result "0-1"]
[WhiteElo "2225"]
[BlackElo "2225"]
[WhiteFideId "-1"]
[WhiteFideId "-1"]
[PlyCount "74"]
[GameId "2160767908477976"]
[EventDate "2017.03.29"]
[EventType "swiss"]
[EventRounds "5"]
[EventCountry "CAN"]
[SourceTitle "EXT 2022"]
[Source "ChessBase"]
[SourceDate "2021.10.06"]
[SourceVersion "1"]
[SourceVersionDate "2021.10.06"]
[SourceQuality "1"]

1. d4 d5 2. Bf4 Nf6 3. Nf3 c5 4. c3 Nc6 5. dxc5 a5 6. Nd4 e6 7. Nxc6 bxc6 8. b4 axb4 9. cxb4 Ng4 10. Nd2 g5 11. Bg3 Bg7 12. Rb1 O-O 13. e3 e5 14. Be2 Nh6 15. Qc2 Bf5 16. e4 Bg6 17. f3 f5 18. O-O fxe4 19. fxe4 Rxf1+ 20. Rxf1 dxe4 21. Bc4+ Kh8 22. Qc1 Nf5 23. Kh1 Qd4 24. Bf2 e3 25. Nf3 Qf4 26. Bg1 h6 27. Be6 e2 28. Re1 Qxc1 29. Rxc1 Rd8 30. Bb3 g4 31. Ne1 h5 32. b5 Bh6 33. Ra1 cxb5 34. c6 Nd4 35. c7 Rc8 36. Bxd4 exd4 37. Bc2 Bxc2 0-1

[Event "Montreal Mercredi 03"]
[Site "Montreal CAN"]
[Date "2017.04.19"]
[Round "4"]
[White "Baran, Marius"]
[Black "Gates, Claude-Eric"]
[Result "0-1"]
[WhiteElo "1776"]
[BlackElo "1803"]
[WhiteFideId "-1"]
[WhiteFideId "-1"]
[PlyCount "104"]
[GameId "2160767908477977"]
[EventDate "2017.03.29"]
[EventType "swiss"]
[EventRounds "5"]
[EventCountry "CAN"]
[SourceTitle "EXT 2022"]
[Source "ChessBase"]
[SourceDate "2021.10.06"]
[SourceVersion "1"]
[SourceVersionDate "2021.10.06"]
[SourceQuality "1"]

1. e4 c6 2. d4 d5 3. e5 Bf5 4. Ne2 e6 5. Ng3 Bg6 6. h4 h5 7. Be2 c5 8. c3 Nc6 9. Bd3 Bxd3 10. Qxd3 Qb6 11. O-O cxd4 12. Re1 Nge7 13. Nd2 Ng6 14. Nf3 Be7 15. cxd4 Rc8 16. a3 Nxh4 17. Nxh4 Bxh4 18. Ne2 Nxe5 19. Qh3 Ng6 20. Nc3 O-O 21. Be3 Qxb2 22. Na4 Qb5 23. Nc5 b6 24. Rab1 Qe8 25. Nd3 Qe7 26. Ne5 Nxe5 27. dxe5 Rc4 28. g3 Bg5 29. Qxh5 Bxe3 30. Rxe3 f5 31. exf6 Qxf6 32. Re2 Rfc8 33. Kg2 Rc3 34. Rh1 Qf5 35. Qxf5 exf5 36. Rd2 Rd8 37. Rhd1 Rxa3 38. Rxd5 Rxd5 39. Rxd5 g6 40. Rd7 a5 41. Rb7 Rb3 42. Ra7 Rb2 43. Kf3 Rb4 44. Kg2 a4 45. Kh3 b5 46. f4 Rb3 47. Kh4 a3 48. g4 Rb4 49. gxf5 Ra4 50. Rb7 a2 51. Kg5 gxf5 52. Rxb5 a1=Q 0-1

[Event "Montreal Mercredi 03"]
[Site "Montreal CAN"]
[Date "2017.04.19"]
[Round "4"]
[White "Beaulieu, Eric"]
[Black "Tremblay, Alain"]
[Result "1-0"]
[WhiteElo "2304"]
[BlackElo "2225"]
[WhiteFideId "-1"]
[WhiteFideId "-1"]
[PlyCount "57"]
[GameId "2160767908477978"]
[EventDate "2017.03.29"]
[EventType "swiss"]
[EventRounds "5"]
[EventCountry "CAN"]
[SourceTitle "EXT 2022"]
[Source "ChessBase"]
[SourceDate "2021.10.06"]
[SourceVersion "1"]
[SourceVersionDate "2021.10.06"]
[SourceQuality "1"]

1. d4 e6 2. Nf3 d5 3. c4 c5 4. cxd5 exd5 5. Nc3 Nc6 6. g3 Nf6 7. Bg2 Be7 8. O-O O-O 9. Bg5 c4 10. Ne5 Be6 11. Nxc6 bxc6 12. Qc2 h6 13. Bxf6 Bxf6 14. e3 Qa5 15. b3 Rac8 16. bxc4 dxc4 17. Rfc1 Rfd8 18. Qa4 Qxa4 19. Nxa4 c5 20. Nxc5 Rxc5 21. dxc5 Bxa1 22. Rxa1 c3 23. Rc1 c2 24. Bf3 Rd2 25. Kf1 Bxa2 26. Ke1 Rd3 27. Rxc2 Bb3 28. Rb2 a5 29. Be2 1-0

[Event "Montreal Mercredi 03"]
[Site "Montreal CAN"]
[Date "2017.04.19"]
[Round "4"]
[White "Cardin, Guillaume"]
[Black "Jean, Robert"]
[Result "1-0"]
[WhiteElo "2040"]
[BlackElo "1815"]
[WhiteFideId "-1"]
[WhiteFideId "-1"]
[PlyCount "89"]
[GameId "2160767908477979"]
[EventDate "2017.03.29"]
[EventType "swiss"]
[EventRounds "5"]
[EventCountry "CAN"]
[SourceTitle "EXT 2022"]
[Source "ChessBase"]
[SourceDate "2021.10.06"]
[SourceVersion "1"]
[SourceVersionDate "2021.10.06"]
[SourceQuality "1"]

1. d4 Nf6 2. c4 e6 3. g3 d5 4. Nf3 b6 5. Bg2 Ba6 6. Ne5 Bb4+ 7. Bd2 Bxd2+ 8. Nxd2 O-O 9. O-O c6 10. e3 Nfd7 11. Nxd7 Nxd7 12. Qa4 Qc8 13. Rfc1 b5 14. cxb5 Bxb5 15. Qc2 Qb7 16. a4 Ba6 17. Qxc6 Rac8 18. Qxb7 Bxb7 19. b4 Rxc1+ 20. Rxc1 Rc8 21. Rxc8+ Bxc8 22. Nb3 Kf8 23. Nc5 Ke7 24. Bf1 Kd6 25. Nxd7 Bxd7 26. b5 Kc7 27. a5 Kb7 28. Bd3 h6 29. Kf1 Bc8 30. Ke2 a6 31. b6 Kc6 32. e4 Bb7 33. e5 f6 34. f4 Kd7 35. Kd2 Ke7 36. Kc3 Kd7 37. Kb4 Kc6 38. Bc2 Kd7 39. Kc5 Bc6 40. Bd3 Bb7 41. Be2 f5 42. h4 Ke7 43. Bd1 g6 44. Ba4 Kd8 45. Bc6 1-0

[Event "Montreal Mercredi 03"]
[Site "Montreal CAN"]
[Date "2017.04.19"]
[Round "4"]
[White "Cloutier, Mathieu"]
[Black "Saha, Ananda"]
[Result "1-0"]
[WhiteElo "2178"]
[BlackElo "2098"]
[WhiteFideId "-1"]
[WhiteFideId "-1"]
[PlyCount "99"]
[GameId "2160767908477980"]
[EventDate "2017.03.29"]
[EventType "swiss"]
[EventRounds "5"]
[EventCountry "CAN"]
[SourceTitle "EXT 2022"]
[Source "ChessBase"]
[SourceDate "2021.10.06"]
[SourceVersion "1"]
[SourceVersionDate "2021.10.06"]
[SourceQuality "1"]

1. e4 c5 2. Nf3 e6 3. d4 cxd4 4. Nxd4 a6 5. Nc3 Qc7 6. f4 Bb4 7. Bd2 Bxc3 8. Bxc3 Nf6 9. e5 Nd5 10. Bd2 d6 11. Qg4 O-O 12. exd6 Qxd6 13. O-O-O e5 14. Nf5 Qg6 15. Qxg6 hxg6 16. Nd6 Nxf4 17. Bxf4 exf4 18. Bc4 b5 19. Bxf7+ Rxf7 20. Nxc8 Nc6 21. Nb6 Rb8 22. Nd5 Ne5 23. Rhe1 Re8 24. Re4 g5 25. Rde1 Rf5 26. Nc7 Rc8 27. Rxe5 Rxe5 28. Rxe5 Rxc7 29. Rxg5 Rc4 30. b3 Re4 31. Kd2 Kf7 32. Rc5 Rd4+ 33. Ke2 g6 34. Rc7+ Kf6 35. Rc6+ Kf5 36. Rxa6 b4 37. a4 Re4+ 38. Kf2 Rd4 39. Rc6 g5 40. h3 Rd2+ 41. Kf3 Rd1 42. a5 Rf1+ 43. Ke2 Ra1 44. a6 g4 45. Rc8 Ke4 46. hxg4 Rxa6 47. Rc4+ Ke5 48. Rxb4 Ra2 49. Kd3 Ra1 50. Re4+ 1-0

[Event "Montreal Mercredi 03"]
[Site "Montreal CAN"]
[Date "2017.04.19"]
[Round "4"]
[White "Have, Didier"]
[Black "Zheng, Richard"]
[Result "1-0"]
[WhiteElo "1967"]
[BlackElo "1870"]
[WhiteFideId "-1"]
[WhiteFideId "-1"]
[PlyCount "93"]
[GameId "2160767908477981"]
[EventDate "2017.03.29"]
[EventType "swiss"]
[EventRounds "5"]
[EventCountry "CAN"]
[SourceTitle "EXT 2022"]
[Source "ChessBase"]
[SourceDate "2021.10.06"]
[SourceVersion "1"]
[SourceVersionDate "2021.10.06"]
[SourceQuality "1"]

1. d4 Nf6 2. Bf4 d5 3. e3 Bf5 4. c4 e6 5. Qb3 Qc8 6. Nc3 c6 7. h3 Na6 8. a3 Nc7 9. Nf3 Be7 10. Be2 O-O 11. Rc1 Ne4 12. O-O f6 13. Bxc7 Nxc3 14. Rxc3 dxc4 15. Bxc4 Qxc7 16. Bxe6+ Bxe6 17. Qxe6+ Kh8 18. d5 Rae8 19. dxc6 Qb6 20. Qb3 Qxb3 21. Rxb3 bxc6 22. Rb7 Bc5 23. Rc1 Bb6 24. Rxc6 Rc8 25. Rxc8 Rxc8 26. Nd4 g6 27. Nb5 Rc1+ 28. Kh2 Rc2 29. Nxa7 Rxb2 30. Nc8 Bd4 31. Rxb2 Bxb2 32. a4 Bc3 33. Ne7 Kg7 34. Nc6 Be1 35. Kg3 f5 36. a5 Bxa5 37. Nxa5 Kf6 38. h4 Ke5 39. Nc4+ Kd5 40. Nd2 Ke5 41. Nf3+ Kf6 42. Kf4 h6 43. g4 fxg4 44. Kxg4 Kf7 45. h5 gxh5+ 46. Kxh5 Kg7 47. Nh4 1-0

[Event "Montreal Mercredi 03"]
[Site "Montreal CAN"]
[Date "2017.04.19"]
[Round "4"]
[White "Johnson-Constantin, Mathieu"]
[Black "Jacquet, Stephane"]
[Result "1-0"]
[WhiteElo "2057"]
[BlackElo "2065"]
[WhiteFideId "-1"]
[WhiteFideId "-1"]
[PlyCount "137"]
[GameId "2160767908477982"]
[EventDate "2017.03.29"]
[EventType "swiss"]
[EventRounds "5"]
[EventCountry "CAN"]
[SourceTitle "EXT 2022"]
[Source "ChessBase"]
[SourceDate "2021.10.06"]
[SourceVersion "1"]
[SourceVersionDate "2021.10.06"]
[SourceQuality "1"]

1. e4 d6 2. d4 Nf6 3. Bd3 e5 4. c3 Nc6 5. Ne2 g6 6. Bg5 Bg7 7. Na3 h6 8. Bh4 g5 9. Bg3 Nh5 10. Nc2 Qf6 11. d5 Ne7 12. Bb5+ c6 13. Ba4 O-O 14. Ne3 Nf4 15. f3 Nxg2+ 16. Nxg2 Qxf3 17. Rg1 cxd5 18. Qd2 Bh3 19. Ne3 d4 20. cxd4 exd4 21. Nxd4 Qxe4 22. Rd1 f5 23. Bxd6 f4 24. Bc2 fxe3 25. Bxe4 exd2+ 26. Rxd2 Rfe8 27. Kf2 Rad8 28. Nb5 a6 29. Nc7 Rf8+ 30. Kg3 Rxd6 31. Rxd6 Be5+ 32. Kxh3 Bxd6 33. Nd5 Nc6 34. Rg2 Kg7 35. Rd2 Ne5 36. Ne3 Bb8 37. Nf5+ Kf6 38. Rf2 g4+ 39. Kh4 Nf3+ 40. Kxg4 Nxh2+ 41. Kh5 Ke5 42. Bc2 Ke6 43. Ng7+ Ke7 44. Rxf8 Kxf8 45. Ne6+ Ke7 46. Nc5 Kd6 47. Nxb7+ Kc7 48. Nc5 Kc6 49. Nxa6 Bf4 50. Nb4+ Kb5 51. Nd3 Bd2 52. Ne5 Nf1 53. Bd3+ Kb4 54. Bxf1 Ka4 55. Be2 Bc1 56. Nd3 Bd2 57. Kg4 Bg5 58. Kf5 Bd2 59. Ke4 Bg5 60. Bd1+ Kb5 61. Kd5 Be3 62. a4+ Ka5 63. b4+ Kb6 64. Kc4 Bg1 65. a5+ Ka6 66. Nc5+ Ka7 67. b5 h5 68. b6+ Kb8 69. a6 1-0

[Event "Montreal Mercredi 03"]
[Site "Montreal CAN"]
[Date "2017.04.19"]
[Round "4"]
[White "Khudaverdian, Berj"]
[Black "O'Neill, Brendon"]
[Result "1-0"]
[WhiteElo "1745"]
[BlackElo "1752"]
[WhiteFideId "-1"]
[WhiteFideId "-1"]
[PlyCount "65"]
[GameId "2160767908477983"]
[EventDate "2017.03.29"]
[EventType "swiss"]
[EventRounds "5"]
[EventCountry "CAN"]
[SourceTitle "EXT 2022"]
[Source "ChessBase"]
[SourceDate "2021.10.06"]
[SourceVersion "1"]
[SourceVersionDate "2021.10.06"]
[SourceQuality "1"]

1. Nf3 c5 2. b3 d5 3. Bb2 Nc6 4. e3 Bg4 5. Be2 Bxf3 6. Bxf3 e5 7. g3 Nf6 8. O-O Be7 9. d3 h5 10. h3 g5 11. Bg2 Qd7 12. Nd2 Qe6 13. e4 d4 14. a3 Bd6 15. Nc4 Bc7 16. Qf3 Ne7 17. Qe2 Ng6 18. Bc1 g4 19. h4 b5 20. Nb2 a5 21. a4 b4 22. Nc4 Nd7 23. Bg5 f6 24. Bc1 Ndf8 25. Bd2 Nxh4 26. gxh4 Ng6 27. f4 exf4 28. e5 f3 29. Qe4 Kf7 30. Rae1 Nxh4 31. Bh1 fxe5 32. Qb7 Qc8 33. Nd6+ 1-0

[Event "Montreal Mercredi 03"]
[Site "Montreal CAN"]
[Date "2017.04.19"]
[Round "4"]
[White "Lessard, Sylvain"]
[Black "O'Connor, Michael"]
[Result "1/2-1/2"]
[WhiteElo "1722"]
[BlackElo "1713"]
[WhiteFideId "-1"]
[WhiteFideId "-1"]
[PlyCount "84"]
[GameId "2160767908477984"]
[EventDate "2017.03.29"]
[EventType "swiss"]
[EventRounds "5"]
[EventCountry "CAN"]
[SourceTitle "EXT 2022"]
[Source "ChessBase"]
[SourceDate "2021.10.06"]
[SourceVersion "1"]
[SourceVersionDate "2021.10.06"]
[SourceQuality "1"]

1. c4 e5 2. Nc3 Bb4 3. Nd5 Bc5 4. b4 Bf8 5. Rb1 c6 6. Nc3 f5 7. d4 exd4 8. Qxd4 Qf6 9. Nf3 Na6 10. a3 Nc7 11. e4 d6 12. Bd3 Qxd4 13. Nxd4 fxe4 14. Nxe4 d5 15. Ng5 c5 16. bxc5 Bxc5 17. Be3 Bb6 18. O-O Nf6 19. Rfe1 O-O 20. Nf5 Bxe3 21. Rxe3 Bxf5 22. Bxf5 g6 23. Ne6 gxf5 24. Nxc7 Rac8 25. Rg3+ Kh8 26. Nxd5 Rxc4 27. Nxf6 Rxf6 28. h3 b6 29. Rd1 Rg6 30. Rd8+ Kg7 31. Rgd3 a5 32. Rb3 Rc1+ 33. Kh2 Rc2 34. Rf3 Rc5 35. Rd7+ Kg8 36. Re3 Rc8 37. Ree7 h6 38. Rf7 Rf8 39. Rxf8+ Kxf8 40. Rb7 f4 41. g3 fxg3+ 42. fxg3 Rd6 1/2-1/2

[Event "Montreal Mercredi 03"]
[Site "Montreal CAN"]
[Date "2017.04.19"]
[Round "4"]
[White "Ostaci, Liviu"]
[Black "Gauthier, Luc"]
[Result "0-1"]
[WhiteElo "1691"]
[BlackElo "1702"]
[WhiteFideId "-1"]
[WhiteFideId "-1"]
[PlyCount "62"]
[GameId "2160767908477985"]
[EventDate "2017.03.29"]
[EventType "swiss"]
[EventRounds "5"]
[EventCountry "CAN"]
[SourceTitle "EXT 2022"]
[Source "ChessBase"]
[SourceDate "2021.10.06"]
[SourceVersion "1"]
[SourceVersionDate "2021.10.06"]
[SourceQuality "1"]

1. c4 f5 2. g3 Nf6 3. Bg2 e6 4. Nf3 Be7 5. O-O O-O 6. d4 d6 7. Nc3 Qe8 8. Ne1 Nbd7 9. Nd3 e5 10. d5 a5 11. Nb5 Bd8 12. b3 b6 13. Bb2 Nc5 14. Nxc5 bxc5 15. Nc3 f4 16. f3 Qh5 17. gxf4 exf4 18. Kh1 Bh3 19. Bxh3 Qxh3 20. Rg1 Nh5 21. Ne4 Bf6 22. Bxf6 Nxf6 23. Ng5 Qh4 24. Ne6 Rf7 25. Qd2 Nh5 26. Rg4 Qf6 27. Rag1 g6 28. Ng5 Rff8 29. Qc2 Rae8 30. Nxh7 Kxh7 31. Rxg6 Qf5 0-1

[Event "Montreal Mercredi 03"]
[Site "Montreal CAN"]
[Date "2017.04.19"]
[Round "4"]
[White "Ouellet, Maili-Jade"]
[Black "Huang, Qiuyu"]
[Result "1-0"]
[WhiteElo "2229"]
[BlackElo "2225"]
[WhiteFideId "-1"]
[WhiteFideId "-1"]
[PlyCount "109"]
[GameId "2160767908477986"]
[EventDate "2017.03.29"]
[EventType "swiss"]
[EventRounds "5"]
[EventCountry "CAN"]
[SourceTitle "EXT 2022"]
[Source "ChessBase"]
[SourceDate "2021.10.06"]
[SourceVersion "1"]
[SourceVersionDate "2021.10.06"]
[SourceQuality "1"]

1. d4 d5 2. c4 e6 3. Nc3 Nf6 4. cxd5 exd5 5. Bg5 c6 6. Qc2 Be7 7. e3 Nbd7 8. Bd3 h6 9. Bh4 Nh5 10. Bxe7 Qxe7 11. Nge2 Nb6 12. O-O O-O 13. Rab1 Be6 14. b4 a6 15. a4 g6 16. Ng3 Nxg3 17. hxg3 f5 18. Ne2 Bf7 19. Rfc1 Kg7 20. Qd1 Rfd8 21. Kf1 Qd7 22. Rc5 Qd6 23. Rcc1 Qd7 24. Ng1 g5 25. Qc2 Be6 26. Nf3 Rf8 27. Ne5 Qd8 28. b5 cxb5 29. axb5 Rc8 30. Qb2 a5 31. Qd2 Nc4 32. Bxc4 dxc4 33. b6 Qd5 34. Ra1 Ra8 35. Nxc4 Qb5 36. Qc3 Bd5 37. Kg1 Rfc8 38. Nd6 Rxc3 39. Nxb5 Rxc1+ 40. Rxc1 a4 41. Nc7 Ra5 42. Nxd5 Rxd5 43. Rc7+ Kf6 44. Rxb7 Rb5 45. Ra7 Rxb6 46. Rxa4 Rb1+ 47. Kh2 Rb2 48. Ra6+ Kg7 49. f3 Re2 50. Re6 h5 51. d5 Re1 52. g4 hxg4 53. fxg4 f4 54. exf4 Rd1 55. f5 1-0

[Event "Montreal Mercredi 03"]
[Site "Montreal CAN"]
[Date "2017.04.19"]
[Round "4"]
[White "Soudre, Nicolas"]
[Black "Moisan-Plante, Marc-Olivier"]
[Result "1-0"]
[WhiteElo "2148"]
[BlackElo "2106"]
[WhiteFideId "-1"]
[WhiteFideId "-1"]
[PlyCount "52"]
[GameId "2160767908477988"]
[EventDate "2017.03.29"]
[EventType "swiss"]
[EventRounds "5"]
[EventCountry "CAN"]
[SourceTitle "EXT 2022"]
[Source "ChessBase"]
[SourceDate "2021.10.06"]
[SourceVersion "1"]
[SourceVersionDate "2021.10.06"]
[SourceQuality "1"]

1. e4 g6 2. Nc3 Bg7 3. f4 a6 4. Nf3 b5 5. a4 b4 6. Nd5 Bb7 7. Bd3 Nc6 8. c3 bxc3 9. bxc3 e6 10. Rb1 Rb8 11. Ne3 Nge7 12. Qe2 O-O 13. Ba3 d6 14. O-O Qc8 15. f5 exf5 16. exf5 Re8 17. Qf2 gxf5 18. g4 Ng6 19. Bxf5 Qd8 20. d4 Nf4 21. g5 Ne7 22. Bg4 Ned5 23. Nf5 Nxc3 24. Rxb7 Rxb7 25. Nxg7 Kxg7 26. Nh4 Nce2+ 1-0

[Event "Montreal Mercredi 03"]
[Site "Montreal CAN"]
[Date "2017.04.26"]
[Round "5"]
[White "Gates, Claude-Eric"]
[Black "Cardin, Guillaume"]
[Result "1-0"]
[WhiteElo "1803"]
[BlackElo "2040"]
[WhiteFideId "-1"]
[WhiteFideId "-1"]
[PlyCount "75"]
[GameId "2160767908477989"]
[EventDate "2017.03.29"]
[EventType "swiss"]
[EventRounds "5"]
[EventCountry "CAN"]
[SourceTitle "EXT 2022"]
[Source "ChessBase"]
[SourceDate "2021.10.06"]
[SourceVersion "1"]
[SourceVersionDate "2021.10.06"]
[SourceQuality "1"]

1. e4 e5 2. Nf3 Nc6 3. Bc4 Bc5 4. b4 Bxb4 5. c3 Ba5 6. d4 Qe7 7. O-O Nf6 8. Ba3 d6 9. d5 Nb8 10. Qa4+ Nbd7 11. Qxa5 Nxe4 12. Nbd2 b6 13. Qb4 Nxd2 14. Nxd2 f5 15. Bb5 O-O 16. Bxd7 Bxd7 17. Rae1 g5 18. Nf3 e4 19. Qd4 h6 20. c4 Ba4 21. Qc3 Rae8 22. Bb2 Kh7 23. Nd4 Bd7 24. Nc2 b5 25. f3 bxc4 26. fxe4 fxe4 27. Rxf8 Rxf8 28. Ne3 Bb5 29. Rf1 Rxf1+ 30. Nxf1 Kg6 31. Ne3 Qf7 32. h3 h5 33. Qd4 Qd7 34. Bc3 a6 35. Qh8 Qf7 36. g4 hxg4 37. hxg4 Qh7 38. Qf6# 1-0

[Event "Montreal Mercredi 03"]
[Site "Montreal CAN"]
[Date "2017.04.26"]
[Round "5"]
[White "Gauthier, Luc"]
[Black "Lessard, Sylvain"]
[Result "1-0"]
[WhiteElo "1702"]
[BlackElo "1722"]
[WhiteFideId "-1"]
[WhiteFideId "-1"]
[PlyCount "99"]
[GameId "2160767908477990"]
[EventDate "2017.03.29"]
[EventType "swiss"]
[EventRounds "5"]
[EventCountry "CAN"]
[SourceTitle "EXT 2022"]
[Source "ChessBase"]
[SourceDate "2021.10.06"]
[SourceVersion "1"]
[SourceVersionDate "2021.10.06"]
[SourceQuality "1"]

1. e4 c5 2. Nc3 e6 3. f4 d5 4. Nf3 d4 5. Bb5+ Bd7 6. Bxd7+ Nxd7 7. Ne2 Ngf6 8. d3 Be7 9. O-O O-O 10. Ng3 Qb6 11. Nd2 Qc6 12. a4 a6 13. a5 b5 14. axb6 Nxb6 15. b3 a5 16. f5 e5 17. Nh5 a4 18. Nxf6+ Qxf6 19. Nf3 h6 20. g4 axb3 21. Rxa8 Rxa8 22. g5 bxc2 23. Qxc2 hxg5 24. Bxg5 Qd6 25. Qg2 Nd7 26. Kh1 Bxg5 27. Qxg5 Qf6 28. Qh5 Qh6 29. Qg4 Nf6 30. Qg3 Qf4 31. Qxf4 exf4 32. Ne5 Nh5 33. Rc1 f6 34. Nd7 f3 35. Rf1 c4 36. dxc4 Nf4 37. Nb6 Ra3 38. Nd5 Ne2 39. Rd1 d3 40. c5 d2 41. c6 Nc3 42. c7 Nxd1 43. c8=Q+ Kh7 44. Nxf6+ gxf6 45. Qd7+ Kg8 46. Qxd2 Ra1 47. Qd8+ Kg7 48. Qe7+ Kg8 49. Qe8+ Kg7 50. Qg6+ 1-0